Positive Thinking (Record no. 93665)

MARC details
000 -LEADER
fixed length control field 00560nam a2200205Ia 4500
005 - DATE AND TIME OF LATEST TRANSACTION
control field 20251121141249.0
008 - FIXED-LENGTH DATA ELEMENTS--GENERAL INFORMATION
fixed length control field 230125s9999 xx 000 0 und d
020 ## - INTERNATIONAL STANDARD BOOK NUMBER
International Standard Book Number 81-85733-06-6
041 ## - LANGUAGE CODE
Language code of text/sound track or separate title eng
082 ## - DEWEY DECIMAL CLASSIFICATION NUMBER
Classification number 158.1
Item number MAR
100 ## - MAIN ENTRY--PERSONAL NAME
Author Marden S
245 ## - TITLE STATEMENT
Title Positive Thinking
Remainder of title Path to Success
260 ## - PUBLICATION, DISTRIBUTION, ETC.
Date of publication, distribution, etc. 2001
Name of publisher, distributor, etc. Abhishek publication
Place of publication, distribution, etc. Chandigarh
300 ## - PHYSICAL DESCRIPTION
Extent 160p
500 ## - GENERAL NOTE
Keywords Personality Development<br/>
650 ## - SUBJECT ADDED ENTRY--TOPICAL TERM
Topical term or geographic name entry element Personality Development
700 ## - ADDED ENTRY--PERSONAL NAME
Personal name Marden S & Abhyankar M W, Donor
942 ## - ADDED ENTRY ELEMENTS (KOHA)
Koha item type Books
906 ## - LOCAL DATA ELEMENT F, LDF (RLIN)
b 47.5
Holdings
Withdrawn status Lost status Damaged status Not for loan Home library Current library Date acquired Vendor Net Price Full call number Barcode Date last seen Actual Price Bill Date Koha item type Original Barcode
        Smt. Hiraben Nanavati Institute of Management & Research for Women Smt. Hiraben Nanavati Institute of Management & Research for Women 19/06/2015 Donated Book- Outside Donar 95.00 158.1 MAR DB2052 HIMR-DB-2052 25/01/2023 47.50 25/01/2023 Donated Book DB2052